| 000 | | | 03847nmc2a2200000 x 450 |
| 001 | | | 89b1bab3-c3fc-47a8-a9f6-fb93a54f8c0d |
| 005 | | | 20170920122244.0 |
| 100 | ## | $a | 20160718l18381858k l0rusy0189 ca |
| 101 | 0# | $a | rus |
| 102 | ## | $a | RU |
| 200 | 1# | $a | Сборный лист к планам дач деревень Сосново и Загорье, пустоши Заречье и островов в Чудском озере Ворок, Кавра, Колпак и Попов Наволок; план и таблицы вычисления угодий дачи деревень Сосново и Загорье, и пустоши Заречье, принадлежащей крестьянам деревни Сосново в Гдовском уезде Санкт-Петербургской губернии |
| | $j | 1838-1858 гг. |
| 251 | ## | $c | Дело |
| 105 | ## | $a | ae## |
| 801 | #0 | $a | RU |
| | $b | РГИА |
| | $c | 20160718 |
| | $g | RCR |
| 801 | #1 | $a | RU |
| | $b | ГлавНИВЦ |
| | $c | 20160718 |
| | $2 | rusmarc |
| 801 | #2 | $a | RU |
| | $b | ПБ им. Б.Н. Ельцина |
| | $c | 20170920 |
| | $g | RCR |
| | $2 | rusmarc |
| 850 | ## | $a | РГИА |
| 852 | ## | $a | РГИА |
| | $e | Федеральное казенное учреждение "Российский государственный исторический архив" (РГИА) |
| | $j | 127 |
| 937 | ## | $h | РГИА |
| | $d | 12215874 |
| | $a | ASBIBLIO_SCAN |
| 462 | #0 | $1 | 001c9a41435-d21c-4ba9-a75c-9547afdd7617 |
| | $1 | 2001 |
| | $a | Карты и планы казенных и частных земель и лесов по Санкт-Петербургской губернии |
| | $1 | 251 |
| | $c | Опись |
| | $1 | 852 |
| | $j | 29 |
| 461 | #0 | $1 | 00126e99e9d-b562-464e-a273-fbb2bdfe5ec7 |
| | $1 | 2001 |
| | $a | Плановый архив Министерства земледелия (1837-1918) |
| | $1 | 251 |
| | $c | Фонд |
| | $1 | 852 |
| | $j | 380 |
| 215 | ## | $a | 28 л. |
| | $c | табл.; план. |
| | $d | 75х58 см |
| 371 | ## | $a | Документ не является опубликованным и широко распространяемым |
| 122 | 2# | $a | d |
| 035 | ## | $a | 89b1bab3-c3fc-47a8-a9f6-fb93a54f8c0d |
| 856 | ## | $u | http://readingroom.main.prlib.ru/item.aspx?id_node=n105018007&mode=full |